00781nam a2200205 a 450000100100000000500170001000800410002704000250006808200160009310000410010924500650015026000370021530000210025250000480027350400730032150400410039404900090043595201140044499900170055800001570920200929164127.0100217s199? dr 001 0 spa d aDO-SdBNPbspacBNPHU axxxxbM516d1 aMejía Constanzo, Héctor B.9737310aDos factores de desarrollo /cHéctor B. Mejía Constanzo. a[Santo Domingo] :b[s.n.],c199? a177 p. ;c22 cm. aIncluye índice de abreviaturas especiales aIncluye referencias bibliográficas y notas al pie de las páginas aIncluye bibliografías (p. 169-177) aBNPD 0010718PDaPDbPDcCTd2010-02-17iLF1l0oxxxx M516dp15709-10r2020-06-25w2020-06-25yLFPDZNo se presta c15261d15261